Evaluating Latvia's Active Labour Market Policies

Saved in:
Bibliographic Details
Format: Book
Language:English
Published: Paris OECD 2019
Series:Connecting People with Jobs
Subjects:
Tags: Add Tag
No Tags, Be the first to tag this record!

MARC

LEADER 00000nam a2200000 4500
001 0262549
005 20221220064430.2
020 |a 978-92-64-40955-2 
041 0 |a eng 
044 |a FR 
245 1 0 |a Evaluating Latvia's Active Labour Market Policies 
264 1 |a Paris  |b OECD  |c 2019 
300 |a 276 s. 
490 1 |a Connecting People with Jobs 
830 0 |a Connecting People with Jobs 
610 2 0 |a zamestnanie 
610 2 0 |a trh práce 
610 2 0 |a politika zamestnanosti 
610 2 0 |a zručnosti 
610 2 0 |a zamestnateľnosť 
610 2 0 |a podnikanie 
610 2 0 |a porovnanie štatistické medzinárodné 
610 2 0 |a Lotyšsko